000 00330nam a22001217a 4500
020 _a9789380235530
082 _a333.79137 ASH
100 _aAsoke Kumar Sannigrahi
245 _aAgriculture and waste management for sustainable future
260 _aNew Delhi
_bNEW INDIA PUBLISHING AGENCY
_c2011
300 _a236
942 _cBK
999 _c370263
_d370263